| 000 | 00521cam a2200193ua 4500 | ||
|---|---|---|---|
| 020 | _a0-85226-554-9 | ||
| 041 |
_aeng _h |
||
| 082 |
_a028.72621 _bMAH/LA |
||
| 100 | _aMaheshwari, L K . | ||
| 245 |
_aLaboratory manual for introductory electronics experiments / _cL K Maheshwari. _hTextual Documents |
||
| 250 |
_a1 / _b. |
||
| 260 |
_aNew Delhi : _bNew Age International Ltd , _c1999. |
||
| 300 | _a100 ; . | ||
| 500 | _aReference ** | ||
| 504 | _a | ||
| 942 | _cBK | ||
| 999 |
_c6816 _d6816 |
||